LEADER 01209cam0-22004451i-450- 001 990002561640403321 005 20050224112139.0 035 $a000256164 035 $aFED01000256164 035 $a(Aleph)000256164FED01 035 $a000256164 100 $a20030910d1965----km-y0itay50------ba 101 0 $aeng 102 $aUS 200 1 $aApplied complex variables$fJohn W. Dettman 210 $aNew York$cMacMillan$d1965 215 $aix, 481 p.$d25 cm 610 0 $aAnalisi complessa$aFunzioni di una variabile complessa 610 0 $aVariabili complesse 610 0 $aCalcolo delle variazioni 610 0 $aDifferenze finite 610 0 $aIntegrali di fourier 610 0 $aTrasformazioni di fourier e laplace 610 0 $aFunzioni di variabile complessa 676 $a515 676 $a515.9 676 $a517.4 676 $a517.5 700 1$aDettman,$bJohn W.$040770 801 0$aIT$bUNINA$gRICA$2UNIMARC 901 $aBK 912 $a990002561640403321 952 $aMXIII-A-48$b9$fMAS 952 $a3-F-3$b6565$fMA1 952 $a16-060$b4605$fFI1 959 $aMAS 959 $aMA1 959 $aFI1 996 $aApplied complex variables$9331064 997 $aUNINA LEADER 01470nam--2200409---450- 001 990000672130203316 005 20091103091247.0 010 $a84-86534-54-2 035 $a0067213 035 $aUSA010067213 035 $a(ALEPH)000067213USA01 035 $a0067213 100 $a20011012d1994----km-y0itay0103----ba 101 $aspa 102 $aES 105 $a||||||||001yy 200 1 $aConflictos territoriales y uso de la fuerza$eun estudio de la prŕctica internacional a la luz del conflicto Iran-Iraq$fJavier A. González Vega$gprňlogo Paz Andrčs Sŕenz de Santa Maria 210 $aMadrid$cBeramar$cEurolex$d1994 215 $a440 p.$d21 cm 225 2 $aEstudios internacionales$v5 410 $12001$aEstudios internacionales$v5 606 0 $aGuerra$xDiritto internazionale 606 0 $aConflitto Iran-Iraq$z1980-1989$xIntervento delle Nazioni Unite 676 $a341.66 700 1$aGONZÁLEZ VEGA,$bJavier A.$0548548 701 1$aSÁENZ DE SANTA MARIA,$bPaz Andrčs$0548549 801 0$aIT$bsalbc$gISBD 912 $a990000672130203316 951 $aXXIII.1.M. 319 (IG sp VIII 17 906)$b13920 G$cXXIII.1.M. 319 (IG sp VIII)$d00251321 959 $aBK 969 $aGIU 979 $aPATTY$b90$c20011012$lUSA01$h1940 979 $c20020403$lUSA01$h1716 979 $aPATRY$b90$c20040406$lUSA01$h1646 979 $aRSIAV4$b90$c20091103$lUSA01$h0912 996 $aConflictos territoriales y uso de la fuerza$9960905 997 $aUNISA